Giải thoát luận phật giáo
Trình bày quan niệm về giải thoát trong phật giáo. Quan niệm về giải thoát trong phật giáo Việt Nam và ảnh hưởng của nó đối với đời sống người Việt Nam trong lịch sử và hiện nay
Bewaard in:
| Hoofdauteur: | |
|---|---|
| Formaat: | Boek |
| Gepubliceerd in: |
H.
Chính trị quốc gia
2010
|
| Onderwerpen: | |
| Tags: |
Voeg label toe
Geen labels, Wees de eerste die dit record labelt!
|
| Thư viện lưu trữ: | Trung tâm Học liệu Lê Vũ Hùng, Trường Đại học Đồng Tháp |
|---|
| LEADER | 01159pam a22002658a 4500 | ||
|---|---|---|---|
| 001 | 00025593 | ||
| 005 | 20171026081023.0 | ||
| 008 | 110809s2010 ||||||Viesd | ||
| 020 | |c 47000 | ||
| 041 | 0 | # | |a Vie |
| 082 | 1 | # | |a 294.3 |b GI103TH |
| 100 | 0 | # | |e Chủ biên |a Nguyễn Thị Toan |
| 245 | 0 | 0 | |a Giải thoát luận phật giáo |c Nguyễn Thị Toan |
| 260 | # | # | |a H. |b Chính trị quốc gia |c 2010 |
| 300 | # | # | |a 310 tr. |c 21 cm. |
| 520 | 3 | # | |a Trình bày quan niệm về giải thoát trong phật giáo. Quan niệm về giải thoát trong phật giáo Việt Nam và ảnh hưởng của nó đối với đời sống người Việt Nam trong lịch sử và hiện nay |
| 653 | # | # | |a Phật giáo |
| 653 | # | # | |a Quan niệm |
| 653 | # | # | |a Việt nam |
| 653 | # | # | |a Đời sống |
| 852 | # | # | |b Kho mượn |j KM.0004578, KM.0019750, KM.0019670, KM.0019671 |
| 852 | # | # | |b Kho đọc |j KD.0010473 |
| 852 | # | # | |j KM.0019750 |j KM.0019671 |j KD.0010473 |j KM.0019670 |j KM.0004578 |
| 910 | |d 09/08/2011 | ||
| 980 | # | # | |a Trung tâm Học liệu Lê Vũ Hùng, Trường Đại học Đồng Tháp |